MARC

LEADER 00000nas a2200000 a 4500
001 ssj0007083
003 WaSeSS
005 20200512172242.0
006 m d
007 cr n
008 010827c20009999njubr pss 0 a0eng c
010 |a  2006264511 
022 |a 2163-5390  |y 1526-744X 
035 |a (WaSeSS)ssj0007083 
037 |b American Nephrology Nurses' Association (ANNA), East Holly Avenue Box 56 Pitman, NJ 08071-0056 
040 |a FQM  |b eng  |c FQM  |d OCLCQ  |d SBH  |d OCLCQ  |d DLC  |d OCLCQ  |d OCLCF  |d OCLCO  |d OCLCQ  |d OCLCA  |d BUF  |d WYU  |d VT2  |d WaSeSS 
042 |a pcc  |a nsdp 
050 1 4 |a RT1  |b .N439 
060 4 |a INTERNET 
082 1 0 |a 610  |2 14 
130 0 |a Nephrology nursing journal (Online) 
210 0 |a Nephrol. nurs. j.  |b (Online) 
222 0 |a Nephrology nursing journal  |b (Online) 
245 1 0 |a Nephrology nursing journal  |h [electronic resource]. 
260 |a [Pitman, NJ] :  |b American Nephrology Nurses' Association 
310 |a Bimonthly 
362 1 |a Print began with vol. 27, no. 1 (Feb. 2000). 
506 |a License restrictions may limit access. 
538 |a Mode of access: World Wide Web. 
550 |a Official journal of the American Nephrology Nurses' Association. 
588 |a Description based on: Vol. 31, no. 1 (Jan./Feb. 2004); title from table of contents screen (Ovid, viewed Jan. 19, 2006). 
588 |a Latest issue consulted: Vol. 38, no. 3 (May/June 2011) (Annanurse.org, viewed Sept. 12, 2011). 
650 0 |a Kidneys  |x Diseases  |x Nursing  |v Periodicals. 
650 7 |a Kidneys  |x Diseases  |x Nursing.  |2 fast  |0 (OCoLC)fst00987404 
650 2 2 |a Nephrology  |v Periodicals. 
650 1 2 |a Kidney Diseases  |x nursing  |v Periodicals. 
650 2 2 |a Specialties, Nursing  |v Periodicals. 
650 2 2 |a Renal Dialysis  |x nursing  |v Periodicals. 
655 0 |a Electronic journals. 
710 2 |a American Nephrology Nurses' Association. 
776 1 |t Nephrology nursing journal  |x 1526-744X  |w (DLC)sn 99009297  |w (OCoLC)42378837 
780 0 0 |t ANNA journal  |w (OCoLC)38266865 
856 4 0 |z Full text available from Research Library: 01/01/2000 to present  |u https://search.proquest.com/publication/45638